| 000 | 00798nam a22002537a 4500 | ||
|---|---|---|---|
| 003 | 0 | ||
| 005 | 20180726154925.0 | ||
| 008 | 0 | ||
| 010 | _aA-943852 | ||
| 020 |
_c00.00 _a8176480096 |
||
| 035 | _aA-943852, A-943853 | ||
| 037 | _bCen Lib/Ret | ||
| 040 |
_aDPL _bEN _c0 |
||
| 082 |
_a305.235 _bSAN |
||
| 100 |
_aSanon, Chandragupt S _917857 |
||
| 245 |
_aWorking children : _cby Chandragupt S. Sanon _ba sociological analysis / |
||
| 260 |
_aNew Delhi _bAPH Publishing Corporation _c1998 |
||
| 270 |
_bNew Delhi _a5, Ansari Road, Darya Ganj _e110002 |
||
| 300 |
_axxv,338p. : _c22(Hb) _bill |
||
| 500 | _aIncludes bibliographic references and index | ||
| 650 |
_aPoor children--Social conditions _917858 |
||
| 650 |
_aChild labor _97276 |
||
| 942 |
_2ddc _cEN _h305.235 _mSAN |
||
| 999 |
_c126568 _d126568 |
||